| 000 | 00594nam a2200181Ia 4500 | ||
|---|---|---|---|
| 008 | 100920s9999 xx 000 0 und d | ||
| 082 |
_b68533 _a--- थ 86 |
||
| 100 | _aअनु. जोशी पद्माकर./प्रीतम अमृता | ||
| 245 | _aकामिनी. | ||
| 260 |
_bश्रीविद्या प्रकाशन, पुणे 30. _c1986 |
||
| 300 |
_a90 _bसाधी |
||
| 365 | _b30 | ||
| 520 | _aकादंबरी. | ||
| 630 | _aकामिनी. | ||
| 650 | _aकादंबरी. | ||
| 730 | _aकामिनी. | ||
| 942 | _cBOOK | ||
| 999 |
_c710810 _d710807 |
||